00710nam a2200193 i 450000100060000000300090000600500170001500700030003200800410003510000360007624501100011226000340022230000220025670000370027870000300031585200320034599900170037795201220039459330ES-MaACL20240502063039.0t|031028s1971 sp ||||1| spa d1 aEliot, T. S.,d1888-196594699610aCuatro cuartetos / cT.S. Eliot ; versión y notas de Vicente Gaos ; introducción de F.O. Matthiessen. aBarcelona : bBarral, c1971. a138 p. ; c19 cm.0 aGaos, Vicente,d1919-19809539061 aMatthiessen, F. O.979145 aES-MaACLjC-39351 bR.76984 c59330d59330 00104070aATENEOMbATENEOMcDEPO2d2008-01-17eSCl0oC-39351p1062233r2023-02-23 00:00:00w2023-02-23yMONOGRAFIA